000 00771nam a22002657a 4500
999 _c33108
_d33108
001 2042
003 CO-MdFUSB
005 20170725091044.0
008 170725t1974 a ||||| |||| 00| 0 s d
040 _aCO-MdFUSB
_bspa
_cCO-MdFUSB
_dCO-MdFUSBC
_erda
041 0 _aspa
082 0 4 _aG 221.7 F932s
100 1 _aFromm, Erich (1900-)
_eautor
245 2 _aY seréis como dioses
_c / Erich From ; Ramón Alcalde, Traductor
250 _a4
264 4 _aBuenos Aires, Argentina :
_b Paidós,
_c©1974
300 _a203 Pag
336 _2rdacontent
_a1
_ba1
337 _2rdamedia
_a2
_b5
338 _2rdacarrier
_a2
_b5
500 _aTítulo original : You shall be as gods
650 7 _aHermenéutica
_9418
653 _aInterpretación de la Biblia A.T.
942 _cBK